| 000 | 03242nam0a2200421 4500 | ||
|---|---|---|---|
| 001 | RU\NLR\BIBL_A\022280266 | ||
| 005 | 20260420012313.0 | ||
| 010 |
_a978-5-9216-0457-5 _93000 |
||
| 021 |
_aRU _bКН-П-24-032020 _9КН-П-24-3240 |
||
| 035 | _a(NLR Aleph) 022280266 | ||
| 090 |
_a13660899 _c13660899 |
||
| 100 | _a20240717d2024 k y0rusy50 ca | ||
| 101 | 0 | _arus | |
| 102 | _aRU | ||
| 105 | _aa z 100yy | ||
| 181 | 0 |
_ai3 _baxxe |
|
| 182 | 0 | _an | |
| 200 | 1 |
_aОбретённое поколение _aНаука, творчество, духовность _aВеление времени _eсборник тезисов работ участников LIII Всероссийской конференции обучающихся "Обретённое поколение", LIII Всероссийской конференции обучающихся "Наука, творчество, духовность", XVI Всероссийской конференции обучающихся "Веление времени" _eпосвящается 225-летию со дня рождения А. С. Пушкина _fНациональная система развития научной, творческой и инновационной деятельности молодежи России "Интеграция" [и др.] _gпод ред. А. А. Румянцева, Е. А. Румянцевой |
|
| 203 |
_aТекст _bвизуальный _cнепосредственный |
||
| 210 |
_aМосква _cИнтеграция [и др.] _d2024 |
||
| 215 |
_a909 с. _cил., табл. _d25 |
||
| 600 | 1 |
_aПушкин _bА.С. _f1799 - 1837 _gАлександр Сергеевич _jСъезды, совещания и т.п _91155086 _3RU\NLR\AUTH\66143362 |
|
| 606 | 1 |
_aОбразовательные учреждения _jСъезды, совещания и т.п _xНаучно-исследовательская работа учащихся _92524752 _3RU\NLR\AUTH\661495824 |
|
| 606 | 1 |
_aВысшие учебные заведения _jСборники _xНаучные конференции студентов _yМосква, город _92307393 _3RU\NLR\AUTH\6601607097 |
|
| 686 | 1 | _aЯ431(2-2М)3 | |
| 686 | 1 | _aЧ312.31я431 | |
| 686 | 2 | _aШ5(2=Р)51-4Пушкин.я434 | |
| 702 | 1 |
_4340 _7ca _8rus _aРумянцев _bА. А. _cметодист, наука и образование _9217344 _3RU\NLR\AUTH\770217400 |
|
| 710 | 1 | 2 |
_a"Обретённое поколение", всероссийская конференция обучающихся _d53 _eМосква _f2024 _9885050 _3RU\NLR\AUTH\880613199 |
| 711 | 1 | 2 |
_a"Наука, творчество, духовность", всероссийская конференция обучающихся _d53 _eМосква _f2024 _9885048 _3RU\NLR\AUTH\880613197 |
| 711 | 1 | 2 |
_a"Веление времени", всероссийская конференция обучающихся _d16 _eМосква _f2024 _9885051 _3RU\NLR\AUTH\880613200 |
| 942 | _cBOOK | ||
| 980 | _aNB | ||